000 00617nam a2200229Ia 4500
003 OSt
005 20221007080701.0
006 a|||||r|||| 00| 0
007 ta
008 221006b |||||||| |||| 00| 0 eng d
024 _a13,400
037 _cTextual
040 _aFLL
_cFLL
_beng
041 _2eng
_aeng
082 _aV73:58(Z).N7, L7
100 _aMcDonald L. Au.
_9695241
245 0 _aRacial equality
260 _aNew York
_bAmerican civil liberties union U.S.A.
_c1977
300 _a155p
_ccm.
942 _hV73:58(Z).N7, L7
_cTEXL
_2CC
999 _c1160533
_d1160533